000 00973nam a22002897a 4500
001 6817
003 FISKH
005 20250529121226.0
008 250529b cb ||||| |||| 00| 0 eng d
020 _a9781584768265
040 _aFISKH
_beng
_cFISKH
_dFISKH
050 _aPZ7
082 _a808.3
100 _aGaydos, Nora
245 _aRead it, write it, draw it :
_bSpooky night
260 _aNorwalk :
_bInnovative Kids,
_c2009.
300 _a32 pages :
_bcolor illustrations ;
_c23 cm
490 _aNow i'm reading :
_vlevel 3
505 _aG
520 _aJack and his brother love to watch scary movies'but what if the monsters come to life? Three different sections leave it up to you to: Read the spooky story, Write key words, Draw the story for yourself!
521 8 _a380
_bLexile estimate
521 8 _aG
_bRaz-Plus
650 _aFroggy
_vSpooky
700 _aWalker, Sholto
_eillustrator
942 _2ddc
_cBK
_n0
999 _c6817
_d6817